Formule 1 - Top 10 pilotes avec le plus de titre de champions du monde - Statistiques

Statistiques générales
  • Ce quiz a été pris 67 fois
  • Le résultat moyen est 7 sur 11
Statistiques - réponses
Nb de titres Pilotes % Correct
7 Lewis Hamilton
100%
7 Michael Schumacher
90%
4 Max Verstappen
81%
4 Alain Prost
78%
4 Sebastian Vettel
78%
5 Juan Manuel Fangio
69%
3 Ayrton Senna
56%
3 Niki Lauda
47%
3 Nelson Piquet
41%
3 Jackie Stewart
32%
3 Jack Brabham
31%
Aucun quiz correspondant
Distribution des résultats
% des personnes avec chaque résultat
Percentile par nombre de réponses
Votre historique - résultats
Vous n’avez pas pris ce quiz